[Event "SVK-chT3A2 1617"]
[Site "Slovakia"]
[Date "2017.01.08"]
[Round "6.5"]
[White "Markuliak, Mario"]
[Black "Manak, Jozef"]
[Result "1-0"]
[WhiteElo "1875"]
[BlackElo "1994"]
[PlyCount "31"]
[EventDate "2016.10.16"]
[EventType "team-tourn"]
[EventRounds "11"]
[EventCountry "SVK"]
[SourceTitle "EXT 2020"]
[Source "ChessBase"]
[SourceDate "2019.10.17"]
[SourceVersion "1"]
[SourceVersionDate "2019.10.17"]
[SourceQuality "1"]
[WhiteTeam "Cifer"]
[BlackTeam "Piestany Kupele"]
[WhiteTeamCountry "SVK"]
[BlackTeamCountry "SVK"]

1. c4 e5 2. Nc3 Nf6 3. g3 d5 4. cxd5 Nxd5 5. Bg2 Nb6 6. Nf3 Nc6 7. 0-0 Be7 8. d3 Be6 9. Bd2 f6 10. a3 Qd7 11. Qc2 Bh3 12. Na4 Nxa4 13. Qxa4 Bxg2 14. Kxg2 0-0 15. Rac1 a5 16. Qb3+ 1-0

[Event "SVK-chT3A2 1617"]
[Site "Slovakia"]
[Date "2016.11.27"]
[Round "4.6"]
[White "Hrubsa, Marian"]
[Black "Manak, Jozef"]
[Result "1-0"]
[WhiteElo "1832"]
[BlackElo "1994"]
[PlyCount "75"]
[EventDate "2016.10.16"]
[EventType "team-tourn"]
[EventRounds "11"]
[EventCountry "SVK"]
[SourceTitle "EXT 2020"]
[Source "ChessBase"]
[SourceDate "2019.10.17"]
[SourceVersion "1"]
[SourceVersionDate "2019.10.17"]
[SourceQuality "1"]
[WhiteTeam "Skalica II"]
[BlackTeam "Piestany Kupele"]
[WhiteTeamCountry "SVK"]
[BlackTeamCountry "SVK"]

1. e4 c5 2. Nf3 d6 3. d4 cxd4 4. Nxd4 Nf6 5. Nc3 a6 6. Be2 b5 7. a3 Bb7 8. Bd3 Nbd7 9. 0-0 g6 10. f4 Bg7 11. Be3 e5 12. Nf3 Ng4 13. Qd2 Nxe3 14. Qxe3 Qb6 15. Qxb6 Nxb6 16. fxe5 dxe5 17. Rad1 0-0 18. Be2 Rac8 19. Rd6 Nc4 20. Bxc4 Rxc4 21. Ng5 Rc7 22. Nd5 Bxd5 23. exd5 h6 24. Ne4 Rxc2 25. Rxa6 f5 26. Nc3 Rxb2 27. d6 e4 28. Nd5 Rd2 29. Ne7+ Kh7 30. Rc1 e3 31. Kf1 f4 32. Rc7 f3 33. gxf3 Rxf3+ 34. Ke1 h5 35. Nd5 Rxd5 36. Raa7 Rxd6 37. Rxg7+ Kh6 38. h4 1-0

[Event "SVK-chT3A2 1516"]
[Site "Slovakia"]
[Date "2016.01.31"]
[Round "7.2"]
[White "Manak, Jozef"]
[Black "Slobodnik, Michal"]
[Result "1/2-1/2"]
[WhiteElo "1960"]
[BlackElo "1986"]
[PlyCount "84"]
[EventDate "2015.10.11"]
[EventType "team-tourn"]
[EventRounds "11"]
[EventCountry "SVK"]
[SourceTitle "EXT 2020"]
[Source "ChessBase"]
[SourceDate "2019.10.17"]
[SourceVersion "1"]
[SourceVersionDate "2019.10.17"]
[SourceQuality "1"]
[WhiteTeam "Piestany Kupele"]
[BlackTeam "Sered MSK"]
[WhiteTeamCountry "SVK"]
[BlackTeamCountry "SVK"]

1. d4 Nf6 2. Bf4 c5 3. e3 Qb6 4. Nc3 d6 5. dxc5 Qxc5 6. Qd4 Qa5 7. Qd2 Nc6 8. h3 e5 9. Bg5 Be6 10. Bxf6 gxf6 11. Nb5 Qxd2+ 12. Kxd2 0-0-0 13. Rd1 d5 14. Kc1 f5 15. Kb1 Bg7 16. Nf3 Bf6 17. c3 Rhg8 18. g3 h5 19. h4 a6 20. Na3 f4 21. gxf4 Bf5+ 22. Nc2 Be4 23. Be2 d4 24. fxe5 d3 25. Rxd3 Rxd3 26. exf6 Rd6 27. Rf1 Rg4 28. Ng5 Rxh4 29. Nxe4 Rxe4 30. Bxh5 Rxf6 31. f4 Kc7 32. Bf3 Re8 33. Bxc6 bxc6 34. b3 Rh6 35. Rf2 c5 36. c4 f5 37. Rg2 Re7 38. Kb2 Rhh7 39. Kc3 Reg7 40. Rd2 Rd7 41. Rg2 Rhg7 42. Rh2 Rh7 1/2-1/2

[Event "SVK-chT3A2 1516"]
[Site "Slovakia"]
[Date "2015.12.20"]
[Round "5.1"]
[White "Racik, Marek"]
[Black "Manak, Jozef"]
[Result "0-1"]
[WhiteElo "1883"]
[BlackElo "1960"]
[PlyCount "62"]
[EventDate "2015.10.11"]
[EventType "team-tourn"]
[EventRounds "11"]
[EventCountry "SVK"]
[SourceTitle "EXT 2020"]
[Source "ChessBase"]
[SourceDate "2019.10.17"]
[SourceVersion "1"]
[SourceVersionDate "2019.10.17"]
[SourceQuality "1"]
[WhiteTeam "Hlohovec"]
[BlackTeam "Piestany Kupele"]
[WhiteTeamCountry "SVK"]
[BlackTeamCountry "SVK"]

1. d4 Nf6 2. Nc3 d5 3. Bg5 e6 4. e4 dxe4 5. Nxe4 Be7 6. Nxf6+ Bxf6 7. Bxf6 Qxf6 8. Nf3 0-0 9. Bd3 Nd7 10. Qd2 e5 11. 0-0-0 exd4 12. Ng5 g6 13. h4 Ne5 14. Ne4 Nxd3+ 15. cxd3 Qg7 16. f3 f5 17. Nf2 Be6 18. b3 a5 19. h5 g5 20. h6 Qg6 21. g4 Bd5 22. Rh5 f4 23. Nh3 Rf5 24. Rg1 Kh8 25. Qf2 c5 26. Qg2 Re5 27. Nxf4 Qc6 28. Nxd5 Qxd5 29. Qd2 Re3 30. f4 Qf3 31. Rd1 Re2 0-1

[Event "SVK-chT3A2 1415"]
[Site "Slovakia"]
[Date "2015.03.06"]
[Round "8.2"]
[White "Manak, Jozef"]
[Black "Balogh, Peter1111"]
[Result "1/2-1/2"]
[WhiteElo "1984"]
[BlackElo "2028"]
[PlyCount "46"]
[EventDate "2014.10.19"]
[EventType "team-tourn"]
[EventRounds "11"]
[EventCountry "SVK"]
[SourceTitle "EXT 2019"]
[Source "ChessBase"]
[SourceDate "2018.10.10"]
[SourceVersion "1"]
[SourceVersionDate "2018.10.10"]
[SourceQuality "1"]

1. e4 e5 2. Nf3 Nc6 3. Bc4 Nf6 4. Nc3 Nxe4 5. Nxe4 d5 6. Bb5 dxe4 7. Nxe5 Qd5 8. Nxc6 Qxb5 9. Nd4 Qg5 10. Kf1 Bg4 11. d3 Qh5 12. Qe1 0-0-0 13. Be3 exd3 14. cxd3 Bc5 15. Qc3 Bxd4 16. Bxd4 Qd5 17. Rc1 c6 18. Bxa7 Rhe8 19. Be3 Bh3 20. Rg1 Rxe3 21. gxh3 Rde8 22. Qc4 Qxc4 23. Rxc4 Re1+ 1/2-1/2

[Event "SVK-chT3A2 1415"]
[Site "Slovakia"]
[Date "2015.01.25"]
[Round "7.6"]
[White "Palka, Martin"]
[Black "Manak, Jozef"]
[Result "1/2-1/2"]
[WhiteElo "1890"]
[BlackElo "1984"]
[PlyCount "57"]
[EventDate "2014.10.19"]
[EventType "team-tourn"]
[EventRounds "11"]
[EventCountry "SVK"]
[SourceTitle "EXT 2019"]
[Source "ChessBase"]
[SourceDate "2018.10.10"]
[SourceVersion "1"]
[SourceVersionDate "2018.10.10"]
[SourceQuality "1"]

1. Nf3 Nf6 2. c4 g6 3. g3 Bg7 4. Bg2 0-0 5. 0-0 d6 6. b3 c5 7. Bb2 Nc6 8. Nc3 e6 9. d4 cxd4 10. Nxd4 Nxd4 11. Qxd4 Ne8 12. Qd2 Qa5 13. Rfd1 Rb8 14. Ne4 Qxd2 15. Rxd2 Bxb2 16. Rxb2 b5 17. cxb5 Rxb5 18. Rc1 Bb7 19. Nc3 Rb6 20. Na4 Rb5 21. e4 f5 22. Bf1 Re5 23. exf5 gxf5 24. Re2 Rxe2 25. Bxe2 Nf6 26. f3 Rc8 27. Rxc8+ Bxc8 28. Nc3 Kf8 29. Kf2 1/2-1/2

[Event "SVK-chT3A2 1415"]
[Site "Slovakia"]
[Date "2015.01.11"]
[Round "6.1"]
[White "Chabada, Tomas1111"]
[Black "Manak, Jozef"]
[Result "0-1"]
[WhiteElo "1987"]
[BlackElo "1984"]
[PlyCount "80"]
[EventDate "2014.10.19"]
[EventType "team-tourn"]
[EventRounds "11"]
[EventCountry "SVK"]
[SourceTitle "EXT 2019"]
[Source "ChessBase"]
[SourceDate "2018.10.10"]
[SourceVersion "1"]
[SourceVersionDate "2018.10.10"]
[SourceQuality "1"]

1. e4 c5 2. Nf3 d6 3. d4 cxd4 4. Nxd4 Nf6 5. Nc3 a6 6. Be3 e5 7. Nb3 Be7 8. f3 0-0 9. Qd2 Be6 10. 0-0-0 Qc7 11. g4 b5 12. g5 b4 13. Nd5 Nxd5 14. exd5 Bf5 15. Bd3 Bxd3 16. Qxd3 Nd7 17. h4 a5 18. Kb1 a4 19. Nd2 Rfc8 20. Ne4 f5 21. gxf6 Nxf6 22. Bg5 Nxe4 23. fxe4 Bxg5 24. hxg5 Qc4 25. g6 h6 26. Qh3 Qxc2+ 27. Ka1 Qc7 28. Qe6+ Kh8 29. Rdf1 a3 30. bxa3 bxa3 31. Qh3 Qb6 32. Qxh6+ gxh6 33. Rxh6+ Kg7 34. Rh7+ Kxg6 35. Rf6+ Kxf6 36. Rf7+ Kg5 37. Rf5+ Kg4 38. Rg5+ Kf3 39. Rg3+ Ke2 40. Rg2+ Qf2 0-1

[Event "SVK-chT3A2 1415"]
[Site "Slovakia"]
[Date "2014.12.14"]
[Round "5.6"]
[White "Manak, Jozef"]
[Black "Mackovic, Miroslav"]
[Result "1/2-1/2"]
[WhiteElo "1984"]
[BlackElo "1846"]
[PlyCount "42"]
[EventDate "2014.10.19"]
[EventType "team-tourn"]
[EventRounds "11"]
[EventCountry "SVK"]
[SourceTitle "EXT 2019"]
[Source "ChessBase"]
[SourceDate "2018.10.10"]
[SourceVersion "1"]
[SourceVersionDate "2018.10.10"]
[SourceQuality "1"]

1. e4 c5 2. Nf3 d6 3. d4 cxd4 4. Nxd4 Nf6 5. Nc3 a6 6. Bc4 e6 7. Bb3 Nbd7 8. 0-0 Nc5 9. f3 Nxb3 10. axb3 Qc7 11. Be3 Rb8 12. Qd2 Be7 13. Rfd1 0-0 14. Qf2 b5 15. Qd2 Rd8 16. Rac1 Nd7 17. Qf2 Ne5 18. Rd2 Nc6 19. Rcd1 Nxd4 20. Rxd4 Qc6 21. R4d2 Bb7 1/2-1/2

[Event "SVK-chT3A2 1314"]
[Site "Slovakia"]
[Date "2013.10.13"]
[Round "1.5"]
[White "Lukacovic, Miroslav"]
[Black "Manak, Jozef"]
[Result "0-1"]
[WhiteElo "2003"]
[BlackElo "1998"]
[PlyCount "110"]
[EventDate "2013.10.13"]
[EventType "team-tourn"]
[EventRounds "11"]
[EventCountry "SVK"]
[SourceTitle "EXT 2015"]
[Source "ChessBase"]
[SourceDate "2014.11.20"]
[SourceVersion "1"]
[SourceVersionDate "2014.11.20"]
[SourceQuality "1"]
[WhiteTeam "Trnava Lokomotiva III"]
[BlackTeam "Piestany Kupele"]
[WhiteTeamCountry "SVK"]
[BlackTeamCountry "SVK"]

1. d4 d5 2. c4 e6 3. Nc3 Nf6 4. Nf3 Be7 5. Bf4 0-0 6. e3 a6 7. Rc1 Nbd7 8. Bd3 dxc4 9. Bxc4 c5 10. dxc5 Nxc5 11. a4 Bd7 12. b3 Bc6 13. 0-0 Nce4 14. Be5 Qa5 15. Nxe4 Bxe4 16. Qd4 Rfd8 17. Qc3 Qxc3 18. Bxc3 Bd3 19. Bxd3 Rxd3 20. Ne5 Rd5 21. Bd4 Nd7 22. Rc7 Nxe5 23. Rxe7 Nc6 24. Rxb7 Nxd4 25. exd4 Rxd4 26. Rc1 a5 27. g3 Rd5 28. Rcc7 Rf8 29. Ra7 g6 30. Rcb7 Kg7 31. Rb5 Rxb5 32. axb5 Rb8 33. Rxa5 Kf6 34. Kf1 Ke5 35. Ke2 Kd4 36. Kd2 e5 37. Ra7 f5 38. Rd7+ Ke4 39. Rd3 f4 40. g4 f3 41. Re3+ Kf4 42. h3 Rxb5 43. Rc3 Ra5 44. b4 Ra2+ 45. Rc2 Rxc2+ 46. Kxc2 e4 47. b5 e3 48. b6 exf2 49. b7 f1Q 50. b8Q+ Ke3 51. Qa7+ Ke2 52. Qe7+ Kf2 53. Qxh7 Qe2+ 54. Kc3 Qe3+ 55. Kb2 Kg1 0-1

[Event "SVK-chT2A 1213"]
[Site "Slovakia"]
[Date "2013.02.16"]
[Round "8.5"]
[White "Manak, Jozef"]
[Black "Kebis, Milos"]
[Result "0-1"]
[WhiteElo "2020"]
[BlackElo "2002"]
[PlyCount "107"]
[EventDate "2012.10.13"]
[EventType "team-tourn"]
[EventRounds "11"]
[EventCountry "SVK"]
[SourceTitle "EXT 2015"]
[Source "ChessBase"]
[SourceDate "2014.11.20"]
[SourceVersion "1"]
[SourceVersionDate "2014.11.20"]
[SourceQuality "1"]
[WhiteTeam "Piestany Kupele"]
[BlackTeam "Krasnany"]
[WhiteTeamCountry "SVK"]
[BlackTeamCountry "SVK"]

1. e4 e5 2. Nf3 Nc6 3. Bb5 a6 4. Bxc6 dxc6 5. Nc3 Bd6 6. 0-0 Nf6 7. d3 0-0 8. h3 Re8 9. Ne2 h6 10. Nh2 a5 11. g4 Nh7 12. Ng3 Ng5 13. Kg2 Ne6 14. Nf5 Bf8 15. Nf3 Nf4+ 16. Kg3 Bxf5 17. gxf5 c5 18. Bxf4 exf4+ 19. Kh2 c4 20. Rg1 Qf6 21. b3 Rad8 22. e5 Qxf5 23. bxc4 g6 24. d4 Bg7 25. Qd3 Qxd3 26. cxd3 c5 27. d5 Bxe5 28. Rab1 Bc3 29. Rb3 Bb4 30. a3 a4 31. Rb2 Bxa3 32. Rxb7 Bb4 33. Ra1 a3 34. Ra2 Kf8 35. d4 Rb8 36. Ra7 cxd4 37. R7xa3 Bxa3 38. Rxa3 Re2 39. Nxd4 Rxf2+ 40. Kg1 Rbb2 41. Rb3 Rxb3 42. Nxb3 Rf3 43. Na5 Rc3 44. Kf2 Ke7 45. Ke2 Ra3 46. Nc6+ Kd6 47. h4 g5 48. hxg5 hxg5 49. Nd8 Ra7 50. Kd3 f3 51. Ke3 g4 52. Kf2 Ra2+ 53. Ke1 g3 54. Nxf7+ 0-1

[Event "SVK-chT2A 1213"]
[Site "Slovakia"]
[Date "2012.12.02"]
[Round "4.4"]
[White "Manak, Jozef"]
[Black "Janos, Jozef"]
[Result "1/2-1/2"]
[WhiteElo "2020"]
[BlackElo "2152"]
[PlyCount "104"]
[EventDate "2012.10.13"]
[EventType "team-tourn"]
[EventRounds "11"]
[EventCountry "SVK"]
[SourceTitle "EXT 2015"]
[Source "ChessBase"]
[SourceDate "2014.11.20"]
[SourceVersion "1"]
[SourceVersionDate "2014.11.20"]
[SourceQuality "1"]
[WhiteTeam "Piestany Kupele"]
[BlackTeam "Bratislava DP"]
[WhiteTeamCountry "SVK"]
[BlackTeamCountry "SVK"]

1. e4 c5 2. Nf3 e6 3. d4 cxd4 4. Nxd4 a6 5. Nc3 Qc7 6. g3 Nf6 7. Bg2 Be7 8. 0-0 0-0 9. a4 Nc6 10. Kh1 d6 11. Be3 Bd7 12. f4 Na5 13. Bg1 Rac8 14. Nde2 Rfd8 15. Qd4 Nc6 16. Qb6 Qb8 17. a5 Rf8 18. Qb3 Na7 19. Rfd1 Bc6 20. Nd4 Nd7 21. Na4 Nb5 22. Nxb5 Bxb5 23. Nb6 Nxb6 24. Bxb6 Rc6 25. c3 Qc8 26. Qc2 Bd8 27. Bd4 Re8 28. e5 d5 29. Qf2 Bc4 30. Rg1 Be7 31. b4 Bd3 32. Qd2 Bg6 33. h3 Qd8 34. Raf1 Be4 35. Bxe4 dxe4 36. Qe3 Qd5 37. Re1 Rc4 38. Qxe4 Bxb4 39. Qxd5 exd5 40. cxb4 Rxd4 41. Rd1 Rxb4 42. Rxd5 Rc8 43. Rgd1 g6 44. Rd8+ Rxd8 45. Rxd8+ Kg7 46. Kg2 h5 47. Kf3 Rb3+ 48. Kf2 Rb5 49. Rd7 Kf8 50. g4 Rxa5 51. gxh5 gxh5 52. Rxb7 Ra3 1/2-1/2

[Event "SVK-chT2A 1112"]
[Site "Slovakia"]
[Date "2011.12.04"]
[Round "6.4"]
[White "Manak, Jozef"]
[Black "Jozefek, Michal"]
[Result "0-1"]
[WhiteElo "2053"]
[BlackElo "1910"]
[PlyCount "84"]
[EventDate "2011.10.08"]
[EventType "team-tourn"]
[EventRounds "11"]
[EventCountry "SVK"]
[SourceTitle "EXT 2013"]
[Source "ChessBase"]
[SourceDate "2012.11.22"]
[SourceVersion "1"]
[SourceVersionDate "2012.11.22"]
[SourceQuality "1"]
[WhiteTeam "Piestany Kupele"]
[BlackTeam "Osuske II"]
[WhiteTeamCountry "SVK"]
[BlackTeamCountry "SVK"]

1. e4 c5 2. Nf3 Nc6 3. d4 cxd4 4. Nxd4 g6 5. Nc3 Bg7 6. Be3 Nf6 7. Qd2 0-0 8. f3 d5 9. Nxc6 bxc6 10. Be2 Be6 11. 0-0 Nxe4 12. fxe4 d4 13. Bg5 dxc3 14. Qxd8 Rfxd8 15. b3 Bd4+ 16. Kh1 f6 17. Bf4 a5 18. a4 Rd7 19. Rfb1 Bc5 20. Rd1 Rad8 21. Bc7 Rxd1+ 22. Rxd1 Rxd1+ 23. Bxd1 Bb4 24. Kg1 Kf7 25. Kf2 f5 26. Ke3 Ke8 27. g3 Kd7 28. Be5 fxe4 29. Kxe4 Bf5+ 30. Kd4 Ke6 31. Bc7 Bh3 32. Bb6 Kd6 33. Be2 e5+ 34. Ke3 Bc5+ 35. Bxc5+ Kxc5 36. g4 Bg2 37. h4 Kb4 38. g5 Ka3 39. h5 Kb2 40. hxg6 hxg6 41. b4 axb4 42. Bd1 b3 0-1

[Event "SVK-chT2A 1112"]
[Site "Slovakia"]
[Date "2011.12.03"]
[Round "5.4"]
[White "Kavon, Rastislav"]
[Black "Manak, Jozef"]
[Result "1-0"]
[WhiteElo "1879"]
[BlackElo "2053"]
[PlyCount "95"]
[EventDate "2011.10.08"]
[EventType "team-tourn"]
[EventRounds "11"]
[EventCountry "SVK"]
[SourceTitle "EXT 2013"]
[Source "ChessBase"]
[SourceDate "2012.11.22"]
[SourceVersion "1"]
[SourceVersionDate "2012.11.22"]
[SourceQuality "1"]
[WhiteTeam "Trnava Modranka"]
[BlackTeam "Piestany Kupele"]
[WhiteTeamCountry "SVK"]
[BlackTeamCountry "SVK"]

1. e4 c5 2. Nf3 a6 3. d4 cxd4 4. Nxd4 Nf6 5. Bd3 e5 6. Ne2 d5 7. Nd2 dxe4 8. Nxe4 Nxe4 9. Bxe4 Qxd1+ 10. Kxd1 Bc5 11. Be3 Bxe3 12. fxe3 0-0 13. c4 g6 14. Kc2 Nd7 15. Nc3 Kg7 16. Rhf1 Rb8 17. b4 Nf6 18. Bf3 Be6 19. Be2 b6 20. b5 Rfc8 21. bxa6 Bxc4 22. Bxc4 Rxc4 23. Kb3 Rbc8 24. Rac1 Ne8 25. a7 R4c5 26. a4 Nd6 27. Kb4 Rc4+ 28. Kb3 Ra8 29. Nb5 Rxc1 30. Rxc1 Nxb5 31. axb5 Rxa7 32. Rc6 Rb7 33. Kc4 f5 34. Kd5 f4 35. e4 Ra7 36. Kxe5 Ra2 37. Kxf4 Rxg2 38. Rxb6 Rxh2 39. Rc6 Rh4+ 40. Ke3 Rh5 41. b6 Kf7 42. b7 Rb5 43. Rc7+ Ke6 44. Rxh7 Ke5 45. Kd3 Rb3+ 46. Kc4 Rb1 47. Kc5 Kxe4 48. Rh4+ 1-0